En Tela de Juicio. Justicia penal, homicidios célebres y opinión pública (México, siglo XX).
Saved in:
| Main Author: | |
|---|---|
| Format: | Book |
| Published: |
Ciudad de México, México:
Tirant lo Blanch; Universidad Autónoma de México,
2020.
|
| Series: | Historia del Derecho en América Latina.
|
| Subjects: | |
| Tags: |
Add Tag
No Tags, Be the first to tag this record!
|
MARC
| LEADER | 00000nam a22000007a 4500 | ||
|---|---|---|---|
| 003 | CL-VaPUC | ||
| 005 | 20250429162223.0 | ||
| 008 | 250428t2020 ||||| |||| 00| 0 eng d | ||
| 999 | |c 449223 |d 449221 | ||
| 020 | |a 978-84-1313-604-2 | ||
| 040 | |c Pontificia Universidad Católica de Valparaíso | ||
| 082 | |2 22 |a 345.7205 SPE 2020 | ||
| 100 | 1 | |a Speckman Guerra, Elisa |e autora |9 902437 | |
| 245 | |a En Tela de Juicio. |b Justicia penal, homicidios célebres y opinión pública (México, siglo XX). | ||
| 260 | |a Ciudad de México, México: |b Tirant lo Blanch; |b Universidad Autónoma de México, |c 2020. | ||
| 300 | |a 639 páginas. | ||
| 490 | |a Historia del Derecho en América Latina. | ||
| 500 | |a c.1 Donación Eliza Speckman Guerra. Memo HIS 006-2025 | ||
| 583 | |c 20250428 |k Catalogador Asistente | ||
| 650 | 0 | |9 11 |a Derecho penal |x Delitos criminales |v Aspectos jurídicos e históricos |y Siglo 20 |z México | |
| 942 | |2 ddc |c BK |n 1 | ||
| 952 | |0 0 |1 0 |2 ddc |4 0 |6 345_720500000000000_SPE_2020 |7 0 |8 A |9 602787 |a BIBHIS |b BIBHIS |d 2025-04-29 |e Donación |i 5667314 |o 345.7205 SPE 2020 |p 5667314 |r 2025-04-29 |t 1 |w 2025-04-29 |y BK |k HIS | ||